| 000 | 00522nam a2200217Ia 4500 | ||
|---|---|---|---|
| 003 | 0100 | ||
| 008 | 130227s9999 xx 000 0 und d | ||
| 040 | _cARRUPELIB | ||
| 050 | _aQ151.A8A75 | ||
| 245 | _aAristotle's physics | ||
| 245 | _ba collection of essays | ||
| 260 | _aOxford | ||
| 260 | _bClarendon Press | ||
| 260 | _C2003 | ||
| 300 | _a286p. | ||
| 300 | _b 23 cm | ||
| 650 | _bBusiness ethics | ||
| 650 | _cLeadership--Moral and ethical aspects | ||
| 700 | _aJudson, Lindsay (ed.) | ||
| 942 |
_2lcc _03 |
||
| 999 |
_c2239 _d2239 |
||